Wszystkie ulice w Tczewie - Statystyki

Ogólne statystyki
  • Ten quiz został rozwiązany 52 razy
  • Średni wynik to 42 z 245
Statystyki odpowiedzi
Ulica % Poprawnych
ul. Gdańska
71%
ul. Armii Krajowej
57%
ul. Nad Wisłą
57%
ul. Pomorska
51%
ul. Kubusia Puchatka
49%
ul. Wojska Polskiego
49%
ul. 30-go Stycznia
46%
ul. Aleja Solidarności
46%
ul. Czyżykowska
46%
ul. Dworcowa
46%
ul. Jagiellońska
46%
ul. Jedności Narodu
46%
ul. Krótka
46%
ul. Mieszka I
46%
ul. Władysława Jagiełły
46%
ul. Żwirki
46%
ul. Aleja Kociewska
43%
ul. Bolesława Chrobrego
43%
ul. Jana Sobieskiego
43%
ul. Kasztanowa
43%
ul. Mostowa
43%
ul. Tczewskich Saperów
43%
ul. Bałdowska
40%
ul. Chopina
40%
ul. Jasia i Małgosi
40%
ul. Kościuszki
40%
ul. Mickiewicza
40%
ul. Obrońców Westerplatte
40%
ul. Al. Zwycięstwa
37%
ul. Christiana Andersena
37%
ul. Grunwaldzka
37%
ul. Malinowska
37%
ul. Nowowiejska
37%
ul. Polna
37%
ul. Rokicka
37%
ul. Saperska
37%
ul. Wigury
37%
ul. Akacjowa
34%
ul. Braci Grimm
34%
ul. Kwiatowa
34%
ul. Niepodległości
34%
ul. Parkowa
34%
ul. Topolowa
34%
ul. Wąska
34%
ul. Zamkowa
34%
ul. Czerwonego Kapturka
31%
ul. Kolejowa
31%
ul. Południowa
31%
ul. Brzozowa
29%
ul. Elżbiety
29%
ul. Generała Dąbrowskiego
29%
ul. Ignacego Paderewskiego
29%
ul. Kazimierza Wielkiego
29%
ul. Kopernika
29%
ul. Lecha
29%
ul. Starowiejska
29%
ul. Stefana Kardynała Wyszyńskiego
29%
ul. Warsztatowa
29%
ul. Władysława Andersa
29%
ul. Władysława Jurgo
29%
ul. Bartosza Głowackiego
26%
ul. Ceglarska
26%
ul. Jarosława Dąbrowskiego
26%
ul. Kołłątaja
26%
ul. Królowej Marysieńki
26%
ul. Północna
26%
ul. Sambora
26%
ul. Sienkiewicza
26%
ul. Stefana Batorego
26%
ul. Zielona
26%
ul. Czatkowska
23%
ul. Jana Brzechwy
23%
ul. Jodłowa
23%
ul. Kaszubska
23%
ul. Kozia
23%
ul. Królowej Jadwigi
23%
ul. Nowa
23%
ul. Orzeszkowej
23%
ul. Sadowa
23%
ul. Stara
23%
ul. Stefana Żeromskiego
23%
ul. Targowa
23%
ul. Wilcza
23%
ul. Władysława Reymonta
23%
ul. Wyzwolenia
23%
ul. Za Dworcem
23%
ul. Bolesława Prusa
20%
ul. gen. Władysława Sikorskiego
20%
ul. Jakuba Jasińskiego
20%
ul. Jana z Kolna
20%
ul. Kasprowicza
20%
ul. Łąkowa
20%
ul. Marii Konopnickiej
20%
ul. Romualda Traugutta
20%
ul. Skarszewska
20%
ul. Strzelecka
20%
ul. Suchostrzycka
20%
ul. C. Kamila Norwida
17%
ul. Gryfa Pomorskiego
17%
ul. Jarzębinowa
17%
ul. Królowej Bony
17%
ul. Łazienna
17%
ul. Lipowa
17%
ul. Matejki
17%
ul. Nadbrzeżna
17%
ul. Piaskowa
17%
ul. Piotrowo
17%
ul. Podgórna
17%
ul. Słowackiego
17%
ul. Wiślana
17%
ul. Wodna
17%
ul. Zygmunta Starego
17%
ul. Chłodna
14%
ul. Kilińskiego
14%
ul. Kochanowskiego
14%
ul. Konarskiego
14%
ul. Kościelna
14%
ul. Krasińskiego
14%
ul. Krucza
14%
ul. Nowy Rynek
14%
ul. Ogrodowa
14%
ul. Okrzei
14%
ul. Piastowska
14%
ul. Portowców
14%
ul. Prosta
14%
ul. Przemysława II
14%
ul. Tadeusza Boya-Żeleńskiego
14%
ul. Tetmajera
14%
ul. Wisławy Szymborskiej
14%
ul. Wojciecha Kossaka
14%
ul. Czesława Miłosza
11%
ul. Gazety Tczewskiej
11%
ul. Generała Bora - Komorowskiego
11%
ul. Hanny Hass
11%
ul. Obrońców Tczewa
11%
ul. Półwiejska
11%
ul. Pułaskiego
11%
ul. Rejtana
11%
ul. Spacerowa
11%
ul. Suchostrzygi Dworzec
11%
ul. Wierzbowa
11%
ul. Władysława Broniewskiego
11%
ul. Wybickiego
11%
ul. Anny Łajming
9%
ul. Biskupa Konstantyna Dominika
9%
ul. Działkowa
9%
ul. Gen.Bema
9%
ul. Generała Grota - Roweckiego
9%
ul. Generała Leopolda Okulickiego
9%
ul. Jaworowa
9%
ul. Kręta
9%
ul. Lotnicza
9%
ul. Okrętowa
9%
ul. Pinokia
9%
ul. Pionierów
9%
ul. Podmurna
9%
ul. Poligonowa
9%
ul. Pomira
9%
ul. Reja
9%
ul. Robotnicza
9%
ul. Rybacka
9%
ul. Rycerska
9%
ul. Sportowa
9%
ul. Stroma
9%
ul. Świętopełka
9%
ul. Szewczyka Dratewki
9%
ul. Szkoły Morskiej
9%
ul. Wincentego Pola
9%
ul. Wita Stwosza
9%
ul. Za Portem
9%
ul. Żeglarska
9%
ul. Dokerów
6%
ul. Dominikańska
6%
ul. Fabryczna
6%
ul. Jabłoniowa
6%
ul. Janusza Korczaka
6%
ul. Janusza Kusocińskiego
6%
ul. Józefa Chełmońskiego
6%
ul. Juliana Tuwima
6%
ul. Krzysztofa Kamila Baczyńskiego
6%
ul. Księżniczki Dobrawy
6%
ul. ks. Jana Twardowskiego
6%
ul. Lecha Bądkowskiego
6%
ul. Marynarska
6%
ul. Młyńska
6%
ul. Orkana
6%
ul. Przemysłowa
6%
ul. rotm. Witolda Pileckiego
6%
ul. Staszica
6%
ul. Stoczniowców
6%
ul. Szyprów
6%
ul. Wyspiańskiego
6%
ul. Forsterów
3%
ul. Harcerska
3%
ul. Jacka Malczewskiego
3%
ul. Jarosława Iwaszkiewicza
3%
ul. Juliana Przybosia
3%
ul. Kapitańska
3%
ul. Kazimierza Jagiellończyka
3%
ul. ks. Jerzego Popiełuszki
3%
ul. Ks.J.St. Pasierba
3%
ul. Leona Wyczółkowskiego
3%
ul. Leopolda Staffa
3%
ul. Małgorzaty Samborówny
3%
ul. Nizinna
3%
ul. Romana Landowskiego
3%
ul. Adolfa Dygasińskiego
0%
ul. Aleksandra Fredry
0%
ul. Andrzeja Frycza Modrzewskiego
0%
ul. Andrzeja Struga
0%
ul. Bosmańska
0%
ul. Chłopska
0%
ul. Flisaków
0%
ul. Franciszka Fenikowskiego
0%
ul. Gabrieli Zapolskiej
0%
ul. Garncarska
0%
ul. Jana Stanisławskiego
0%
ul. Józefa Czyżewskiego
0%
ul. Juliusza Kraziewicza
0%
ul. Kapitana Mamerta Stankiewicza
0%
ul. Karola Borchardta
0%
ul. Konstantego Gałczyńskiego
0%
ul. ks. Aleksandra Kupczyńskiego
0%
ul. ks. Bernarda Sychty
0%
ul. ks. Feliksa Bolta
0%
ul. ks. ppłka Józefa Wryczy
0%
ul. Ks.Ściegiennego
0%
ul. ks. Władysława Młyńskiego
0%
ul. Mestwina
0%
ul. Myśliwska
0%
ul. Partyzantów
0%
ul. por. Józefa Dambka
0%
ul. por. Józefa Gierszewskiego
0%
ul. ppłk. Stanisława Janika
0%
ul. Retmańska
0%
ul. Romana Klima
0%
ul. Rzemieślnicza
0%
ul. Skromna
0%
ul. Spółdzielcza
0%
ul. Stanisława Ignacego Witkiewicza
0%
ul. Św. Huberta
0%
ul. Wiktora Jagalskiego
0%
ul. Wybudowanie
0%
ul. Zofii Nałkowskiej
0%
ul. Żuławska
0%
Nie znaleziono quizów pasujących do podanych kryteriów
Rozkład punktacji
Procent ludzi z każdym wynikiem
Percentyl według liczby udzielonych odpowiedzi
Twoja historia wyników
Nie rozwiązałeś tego quizu